01686nam a2200445 i 450000100060000000300080000600500170001400600190003100700150005000800410006502000180010602000270012403500230015103500240017403500250019803500210022304000310024405000190027508000140029408200170030810000300032524500940035526400590044930000490050833600310055733700330058833800430062150000230066450400290068758801280071659001590084465000230100365000220102665000310104865000360107965500270111579700190114285600620116199900170122346780FlNmELB20241216231818.0m o d | cr cnu||||||||170209s2013 ck ob 001 0 spa d z9789587383638 a9789587383645 (e-book) a(MiAaPQ)EBC4760695 a(Au-PeEL)EBL4760695 a(CaPaEBR)ebr11312675 a(OCoLC)984795140 aFINmELBbspaerdacFINmELB 4aT11bP298 2013 a811.134.20 a808.06662231 aPatiño Díaz, Gustavo.10aEscritura y universidad :bguía para el trabajo académico /cGustavo Patiño Díaz. 1aBogotá :bEditorial Universidad del Rosario,c[2013] a1 recurso en línea (xxxiii, 361 páginas) atextobtxt2rdacontent/spa acomputadorabc2rdamedia/spa arecurso en líneabcr2rdacarrier/spa aContiene índice. aContiene bibliografía. aDescripción basada en recurso en línea; Título de la página del título en PDF (e-libro, visto February 09, 2017). aRecurso electronico. Santa Fe, Arg. : e-libro, 2016. Disponible via World Wide Web. El acceso puede ser limitado para las bibliotecas afiliadas a e-libro. 0aTechnical writing. 4aArte de escribir. 0aSpanish languagexGrammar. 4aLengua españolaxGramática. 4aLibros electrónicos.2 ae-libro, Corp.40uhttps://elibro.net/ereader/politecnicointernacional/69622 c46780d46780